Countries with the highest lentil production - Statistics

General Stats
  • This quiz has been taken 14 times
  • The average score is 7 of 10
Answer Stats
# Answer % Correct
169.089 China
93%
1.558.637 India
93%
260.450 United States
93%
1.672.072 Canada
86%
166.550 Russia
86%
1.841.222 Australia
79%
445.000 Turkey
71%
196.829 Bangladesh
64%
192.885 Kazakhstan
36%
200.787 Nepal
29%
No matching quizzes found
Score Distribution
Percent of People with Each Score
Percentile by Number Answered
Your Score History
You have not taken this quiz